000 00970cam a22002531 4500
001 e 51000025
003 DLC
005 20260227111234.0
008 880706s1951 dcua 000 0 eng
010 _ae 51000025
035 _a(OCoLC)18178026
040 _aDLC
_cAU
_dOrPS
_dDLC
042 _apremarc
043 _an-us-wv
050 0 0 _aL111
_b.A6 1951, no. 2
051 _aLA387.C8
_bR5
100 1 _aRichmond, Lucille McGraw.
245 1 0 _aCulloden improves its curriculum
_c[by Lucille McGraw Richmond [and] Effie G. Bathurst.
260 _a[Washington]
_bFederal Security Agency, Office of Education
_c[1951]
300 _aiv, 24 p.
_billus.
_c23 cm.
501 _aCopies 1 and 2 of L111.A6 with: Frustration in adolescent youth / David Segel. Washington : Govt. Print. Off., 1951. Bound together subsequent to publication.
_5DLC
650 0 _aPublic schools
_zWest Virginia
_zCulloden.
700 1 _aBathurst, Effie G.
_q(Effie Geneva),
_d1886-
_ejoint author.
999 _c22150
_d22150